Central Library OPAC University of Rajshahi

The first Ottoman constitutional period : (Record no. 42303)

MARC details
000 -LEADER
fixed length control field 01149nam a2200301 a 4500
001 - CONTROL NUMBER
control field 42303
003 - CONTROL NUMBER IDENTIFIER
rucl marc code BD-RjUL
005 - DATE AND TIME OF LATEST TRANSACTION
control field 20211209053524.0
008 - FIXED-LENGTH DATA ELEMENTS--GENERAL INFORMATION
fixed length control field 160611s1963 mdu b 001 0 eng
035 ## - SYSTEM CONTROL NUMBER
System control number (OCoLC)ocm00186799
System control number (BD-RjUL)42421
System control number (NNC)2755554
040 ## - CATALOGING SOURCE
Original cataloging agency DLC
Transcribing agency WSU
Modifying agency SER
-- UKM
-- BD-RjUL
Language of cataloging eng
041 ## - LANGUAGE CODE
Language code of text/sound track or separate title eng
082 0# - DEWEY DECIMAL CLASSIFICATION NUMBER
Classification number 342.561
Author mark and year DEF 1963
100 1# - MAIN ENTRY--PERSONAL NAME
Personal name Devereux, Robert.
9 (RLIN) 130090
245 14 - TITLE STATEMENT
Title The first Ottoman constitutional period :
Remainder of title a study of the Midhat Constitution and Parliament /
Statement of responsibility, etc. by Robert Devereux.
260 ## - PUBLICATION, DISTRIBUTION, ETC. (IMPRINT)
Place of publication, distribution, etc. Baltimore :
Name of publisher, distributor, etc. Johns Hopkins Press,
Date of publication, distribution, etc. c1963. [Printing 1964]
300 ## - PHYSICAL DESCRIPTION
Pagination 310 p. ;
Size 24 cm.
490 1# - SERIES STATEMENT
Series statement The Johns Hopkins University studies in historical and political science,
Volume/sequential designation ser. 81, no. 1
504 ## - BIBLIOGRAPHY, ETC. NOTE
Bibliography, etc Includes bibliographical references (p. 290-298) and index.
610 10 - SUBJECT ADDED ENTRY--CORPORATE NAME
Corporate name or jurisdiction name as entry element Turkey.
Corporate name or jurisdiction name as entry element Turkey.
Subordinate unit Meclis-i Mebusan.
650 #0 - SUBJECT ADDED ENTRY--TOPICAL TERM
Topical term or geographic name as entry element Constitutional history
Geographic subdivision Turkey.
9 (RLIN) 130093
830 #0 - SERIES ADDED ENTRY--UNIFORM TITLE
Uniform title Johns Hopkins University studies in historical and political science ;
Volume number/sequential designation 81st ser., 1.
942 ## - ADDED ENTRY ELEMENTS (KOHA)
Source of classification or shelving scheme Dewey Decimal Classification
Koha item type Books
Holdings
Lost status Source of classification or shelving scheme Damaged status Not for loan Collection code Permanent Location Current Location Shelving location Date acquired Source of acquisition Cost, normal purchase price Total Checkouts Full call number Date last seen Copy number Koha item type
  Dewey Decimal Classification     Non-fiction Central Library, University of Rajshahi Central Library, University of Rajshahi   14/04/1964 Zeitlinger 48.00   342.561 DEF 1963 11/06/2016 C-2 Books
  Dewey Decimal Classification     Non-fiction Central Library, University of Rajshahi Central Library, University of Rajshahi   15/05/1967 University book agency 36.00   342.561 DEF 1964 11/06/2016 C-3 Books
  Dewey Decimal Classification     Non-fiction Central Library, University of Rajshahi Central Library, University of Rajshahi   02/06/1975 Janathan Wren & co., London 5.70   342.561 DEF 1964 11/06/2016 C-4 Books